Špecifiká vykazovania udržateľnosti u emitentov cenných papierov bakalárska práca

Na minha lista:
Detalhes bibliográficos
Autor principal: Baco, Henrich
Autor Corporativo: Fakulta hospodárskej informatiky EU. Katedra účtovníctva a audítorstva
Outros Autores: Kadlečíková, Oľga, 1973-
Formato: Livro
Idioma:eslovaco
Publicado em: Bratislava 2025
Tags: Adicionar Tag
Sem tags, seja o primeiro a adicionar uma tag!

MARC

LEADER 00000nbm a2200000 4500
001 0310670
005 20260317113945.7
041 0 |a slo 
044 |a SK 
245 1 0 |a Špecifiká vykazovania udržateľnosti u emitentov cenných papierov  |b bakalárska práca  |c Henrich Baco ; školiteľ: Oľga Kadlečíková 
264 1 |a Bratislava  |c 2025 
300 |a 39 s. 
100 1 |a Baco, Henrich 
700 1 |a Kadlečíková, Oľga, 1973- 
710 2 |a Fakulta hospodárskej informatiky EU. Katedra účtovníctva a audítorstva